ნორმალური ფორმატი
MARC ფორმატი
ჩანაწერი Topical Term
ჩანაწერთა რაოდენობა, რომელიც გამოყენებულია: 3
001 - CONTROL NUMBER
- control field: 2071
003 - CONTROL NUMBER IDENTIFIER
- control field: GE_BSU
005 - DATE AND TIME OF LATEST TRANSACTION
- control field: 20190604200815.0
008 - FIXED-LENGTH DATA ELEMENTS
- fixed length control field: 190604|| aca||aabn | a|a d
040 ## - CATALOGING SOURCE
- Original cataloging agency: GE_BSU
- Transcribing agency: GE_BSU
150 ## - HEADING--TOPICAL TERM
- Topical term or geographic name entry element: Wages
- General subdivision: Accounting.
670 ## - SOURCE DATA FOUND
- Source citation: Work cat.: (GE_BSU)0: Carse, Timothy F. 2070, Payroll accounting :, c1996.
